Normal view
MARC view
- Balacuit, Castor V.,
Entry Personal Name
001 - CONTROL NUMBER
- control field: 6190
003 - CONTROL NUMBER IDENTIFIER
- control field: URS
005 - DATE AND TIME OF LATEST TRANSACTION
- control field: 20250430233058.0
008 - FIXED-LENGTH DATA ELEMENTS
- fixed length control field: 250430|| aca||aabn | a|a d
040 ## - CATALOGING SOURCE
- Original cataloging agency: URS
100 ## - HEADING--PERSONAL NAME
- Personal name: Balacuit, Castor V.,
- Relator term: author.